| 000 | 00647 a2200193 4500 | ||
|---|---|---|---|
| 020 | _a0-7637-1816-5 | ||
| 040 | _aDLC | ||
| 082 | 0 |
_a005.13 _b3 |
|
| 100 | 1 | _aAndersen, Sandra | |
| 245 | 0 | 0 |
_aData structures in Java : a laboratory course _ba laboratory course _cSandra Andersen |
| 260 |
_aBoston : _bJones and Bartlett Publ., _ccop. 2002 |
||
| 300 | _axv, 407 s. | ||
| 490 | 1 | _aJones and Bartlett computer science | |
| 650 | 0 | _aJava (Computer program language) | |
| 650 | 0 | _aData structures (Computer science) | |
| 650 | 0 | _aData structures (Computer science) | |
| 830 | 0 | _aJones and Bartlett series in computer science | |
| 942 |
_cBK _2ddc |
||
| 999 |
_c482593 _d482593 |
||